[Event "HUN Team League Csongrad Region 2019–2"]
[Site "Csongrád County"]
[Date "2019.09.29"]
[Round "1.4"]
[White "Sipos, Kalman"]
[Black "Vass, Szabolcs"]
[Result "1-0"]
[WhiteElo "1628"]
[BlackElo "1654"]
[PlyCount "51"]
[EventDate "2019.09.29"]
[WhiteTeam "Röszke"]
[BlackTeam "Makó III."]

1. e4 e5 2. Nf3 Nc6 3. Bb5 Nd4 4. Nxd4 exd4 5. O-O a6 6. Be2 Bc5 7. c3 d6 8.
cxd4 Bxd4 9. Qa4+ Bd7 10. Qxd4 Nf6 11. Nc3 O-O 12. d3 Bg4 13. Bg5 Bxe2 14. Nxe2
c5 15. Bxf6 Qxf6 16. Qxf6 gxf6 17. Nc3 Rfe8 18. Nd5 Re5 19. f4 Rxd5 20. exd5 b5
21. b3 a5 22. a4 b4 23. Rac1 Kg7 24. Rfe1 f5 25. Re7 Kf6 26. Rce1 1-0

[Event "HUN Team League Csongrad Region 2019–2"]
[Site "Csongrád County"]
[Date "2019.09.29"]
[Round "1.4"]
[White "Szekeres, Mihaly"]
[Black "Varga, Laszlo"]
[Result "1-0"]
[WhiteElo "1662"]
[BlackElo "1668"]
[PlyCount "77"]
[EventDate "2019.09.29"]
[WhiteTeam "Makó III."]
[BlackTeam "Röszke"]

1. d4 d5 2. e3 Nc6 3. b3 Nf6 4. h3 a6 5. Nf3 e6 6. a3 Bd6 7. Bb2 Bd7 8. Bd3 b5
9. Nbd2 b4 10. c4 bxa3 11. Bxa3 Bxa3 12. Rxa3 Qe7 13. Qa1 Nb4 14. Bb1 dxc4 15.
bxc4 O-O 16. O-O Rfc8 17. e4 h6 18. Re1 Ne8 19. Qc3 c5 20. d5 exd5 21. exd5 Qf6
22. Qxf6 Nxf6 23. Ra5 Be8 24. Nb3 Nd7 25. Ne5 f6 26. Nxd7 Bxd7 27. Bg6 Be8 28.
Bxe8 Rxe8 29. Rxe8+ Rxe8 30. Nxc5 Re1+ 31. Kh2 Kf7 32. Nxa6 Nxa6 33. Rxa6 Rc1
34. Rc6 g5 35. Rc7+ Ke8 36. d6 Kd8 37. c5 h5 38. g3 f5 39. c6 1-0

[Event "HUN Team League Csongrad Region 2019–2"]
[Site "Csongrád County"]
[Date "2019.09.29"]
[Round "1.4"]
[White "Nagy, Zeteny"]
[Black "Vizhanyo Gyomorei, Jozsef"]
[Result "1-0"]
[WhiteElo "1280"]
[BlackElo "1553"]
[PlyCount "101"]
[EventDate "2019.09.29"]
[WhiteTeam "Röszke"]
[BlackTeam "Makó III."]

1. d4 d5 2. e4 dxe4 3. Nc3 Nf6 4. f3 Bf5 5. g4 Bg6 6. h4 exf3 7. Nxf3 Nxg4 8.
Bh3 Nf6 9. Ne5 e6 10. Qe2 Bb4 11. Bg5 Bxc3+ 12. bxc3 O-O 13. Nxg6 fxg6 14. Rf1
Nbd7 15. Bxf6 Nxf6 16. O-O-O Re8 17. Qc4 b5 18. Qb3 Qd6 19. Rde1 Nd5 20. Re4 b4
21. Rfe1 Kh8 22. Bxe6 Nxc3 23. Bd5 Nxe4 24. Bxa8 Qf4+ 25. Qe3 Qxe3+ 26. Rxe3
Nd6 27. Rxe8+ Nxe8 28. Kb2 Kg8 29. Kb3 Kf8 30. Kxb4 Ke7 31. c4 Nd6 32. c5 Nf5
33. Kc4 Nxh4 34. Kb5 Nf5 35. d5 Kd7 36. Ka6 Nd4 37. Kxa7 c6 38. a4 g5 39. a5 g4
40. Kb6 cxd5 41. Bxd5 Nf5 42. c6+ Kd6 43. c7 Ne7 44. Bb7 Kd7 45. a6 g3 46.
c8=Q+ Nxc8+ 47. Bxc8+ Kxc8 48. a7 h5 49. a8=Q+ Kd7 50. Qg2 Ke7 51. Qxg3 1-0

[Event "HUN Team League Csongrad Region 2019–2"]
[Site "Csongrád County"]
[Date "2019.09.29"]
[Round "1.5"]
[White "Varga, Gabor"]
[Black "Csikos, Mihaly"]
[Result "1/2-1/2"]
[WhiteElo "1821"]
[BlackElo "2040"]
[PlyCount "117"]
[EventDate "2019.09.29"]
[WhiteTeam "Meritum III."]
[BlackTeam "Meritum II."]

1. e4 e6 2. d4 d5 3. Nd2 c5 4. exd5 Qxd5 5. Ndf3 cxd4 6. Qxd4 Qxd4 7. Nxd4 a6
8. Ngf3 Bd6 9. Be3 Ne7 10. O-O-O Bc5 11. Kb1 Ba7 12. Bc4 Nbc6 13. Rd2 Nxd4 14.
Nxd4 b5 15. Nxb5 Bb8 16. Rhd1 Nc6 17. Nd6+ Ke7 18. Bc5 Kf6 19. Ne4+ Kg6 20. h4
Bf4 21. Re2 Rd8 22. Rxd8 Nxd8 23. g3 Bc7 24. g4 h6 25. Bd3 f5 26. Ng3 Bxg3 27.
fxg3 h5 28. gxf5+ exf5 29. Re8 Ne6 30. Bb4 Kf7 31. Re7+ Kf6 32. Re8 g5 33.
hxg5+ Nxg5 34. Bxa6 Rxa6 35. Rxc8 Ne4 36. Be1 Re6 37. Rf8+ Kg6 38. a4 Nc5 39.
Bb4 Nxa4 40. Rd8 Nb6 41. Rd6 Rxd6 42. Bxd6 Kg5 43. b3 Nc8 44. Bc7 h4 45. Bd8+
Kg4 46. gxh4 f4 47. Ba5 Kxh4 48. Be1+ Kg4 49. c4 Kf3 50. b4 Ke2 51. Bh4 Kd3 52.
c5 Kc4 53. Be1 f3 54. Kc2 Ne7 55. Kd1 Nc6 56. Bd2 Ne5 57. Ke1 Nd3+ 58. Kf1 Nxc5
59. bxc5 1/2-1/2

[Event "HUN Team League Csongrad Region 2019–2"]
[Site "Csongrád County"]
[Date "2019.09.29"]
[Round "1.5"]
[White "Papp, Bence"]
[Black "Farkas, Boldizsar"]
[Result "1-0"]
[WhiteElo "2178"]
[BlackElo "1651"]
[PlyCount "65"]
[EventDate "2019.09.29"]
[WhiteTeam "Meritum II."]
[BlackTeam "Meritum III."]

1. Nf3 g6 2. c4 Bg7 3. g3 Nf6 4. Bg2 d6 5. O-O O-O 6. Nc3 c5 7. d4 cxd4 8. Nxd4
a6 9. b3 Qc7 10. Bb2 Nc6 11. Nc2 b6 12. Ne3 e6 13. Rc1 Bb7 14. Ncd5 Nxd5 15.
cxd5 Bxb2 16. dxc6 Bxc1 17. cxb7 Rab8 18. Qxc1 Qe7 19. Qc3 d5 20. Bxd5 exd5 21.
Nxd5 Qe6 22. Nf6+ Kh8 23. Nd7+ Kg8 24. Nxf8 Rxf8 25. Rc1 Qxe2 26. Qc8 Qe5 27.
Qxf8+ Kxf8 28. Rc8+ Kg7 29. b8=Q Qe1+ 30. Kg2 Qe4+ 31. f3 Qe2+ 32. Kh3 Qf1+ 33.
Kh4 1-0

[Event "HUN Team League Csongrad Region 2019–2"]
[Site "Csongrád County"]
[Date "2019.09.29"]
[Round "1.5"]
[White "Kurucz, Gergely"]
[Black "Tapodi, Norman Lajos"]
[Result "0-1"]
[WhiteElo "1594"]
[BlackElo "2092"]
[PlyCount "64"]
[EventDate "2019.09.29"]
[WhiteTeam "Meritum III."]
[BlackTeam "Meritum II."]

1. e4 c5 2. g3 Nc6 3. Bg2 g6 4. c3 Bg7 5. d3 Nf6 6. Ne2 O-O 7. O-O d5 8. f4
dxe4 9. dxe4 e5 10. Na3 Qe7 11. Nc4 Rd8 12. Qc2 Be6 13. Ne3 exf4 14. Nxf4 Ne5
15. Nfd5 Bxd5 16. Nxd5 Nxd5 17. exd5 c4 18. Bf4 Nd3 19. b3 Qc5+ 20. Kh1 Rd7 21.
bxc4 Qxc4 22. Rad1 Nxf4 23. Rxf4 Qxc3 24. Qa4 Qc7 25. Rc4 Qd6 26. Rdc1 h6 27.
Qb3 Rad8 28. Rc8 Be5 29. Rxd8+ Rxd8 30. Qxb7 Qa3 31. Rc8 Kg7 32. Rc2 Rb8 0-1

[Event "HUN Team League Csongrad Region 2019–2"]
[Site "Csongrád County"]
[Date "2019.09.29"]
[Round "1.5"]
[White "Fridrik, Richard"]
[Black "Filep, Miklos Sr."]
[Result "1-0"]
[WhiteElo "1815"]
[BlackElo "1538"]
[PlyCount "93"]
[EventDate "2019.09.29"]
[WhiteTeam "Meritum II."]
[BlackTeam "Meritum III."]

1. e4 c5 2. Nf3 Nc6 3. d4 cxd4 4. Nxd4 e6 5. Be3 Nf6 6. Bd3 a6 7. Nxc6 bxc6 8.
O-O Bb4 9. a3 Ba5 10. c4 Bc7 11. c5 Be5 12. Qe2 Rb8 13. Ra2 a5 14. f4 Bc7 15.
e5 Nd5 16. Bd4 O-O 17. Qh5 h6 18. Nd2 Qe8 19. Qe2 f5 20. Rf3 Qg6 21. Ra1 Bd8
22. Raf1 Qh5 23. Nc4 Ba6 24. Nd6 Bxd3 25. Qxd3 Bc7 26. Qd2 Bxd6 27. exd6 Rb5
28. Rh3 Qf7 29. Qc2 Nf6 30. Rg3 Nh5 31. Rd3 Nf6 32. Rff3 Ne4 33. Rb3 Rfb8 34.
a4 Rb4 35. Bf2 Qe8 36. Rxb4 Rxb4 37. Be1 Rb7 38. Bxa5 Qb8 39. Bb6 Rxb6 40. cxb6
Qxb6+ 41. Kh1 Qb4 42. h3 Qxd6 43. a5 Qc7 44. a6 Qa7 45. Ra3 c5 46. Qa4 Nd6 47.
Rd3 1-0

[Event "HUN Team League Csongrad Region 2019–2"]
[Site "Csongrád County"]
[Date "2019.09.29"]
[Round "1.5"]
[White "Farkas, Virag"]
[Black "Tapodi, Martin"]
[Result "0-1"]
[WhiteElo "1506"]
[BlackElo "1657"]
[PlyCount "86"]
[EventDate "2019.09.29"]
[WhiteTeam "Meritum III."]
[BlackTeam "Meritum II."]

1. d4 Nf6 2. Bf4 d5 3. e3 Bf5 4. Bd3 Bg6 5. Nf3 e6 6. c3 Nbd7 7. Qe2 Bxd3 8.
Qxd3 c5 9. Qb5 Qc8 10. Nbd2 a6 11. Qe2 Be7 12. O-O Nh5 13. Bg3 Nxg3 14. fxg3 f5
15. Nb3 c4 16. Nc1 g6 17. Qf2 Nf6 18. Qc2 Ne4 19. Ne2 Bd6 20. Nf4 Ke7 21. Nd2
Nxd2 22. Qxd2 g5 23. Ne2 h5 24. Qe1 h4 25. Qf2 hxg3 26. Nxg3 Qc7 27. Rae1 Kd7
28. Qf3 Raf8 29. Qf2 f4 30. exf4 gxf4 31. Ne2 f3 32. Ng3 fxg2 33. Qxg2 Qd8 34.
Qe2 Rh6 35. Qe3 Rg6 36. Kh1 Rh8 37. Kg2 Qh4 38. Rh1 Qh3+ 39. Kf2 Bxg3+ 40. hxg3
Rf6+ 41. Ke2 Qg2+ 42. Kd1 Rxh1 43. Rxh1 Qxh1+ 0-1

[Event "HUN Team League Csongrad Region 2019–2"]
[Site "Csongrád County"]
[Date "2019.09.29"]
[Round "1.5"]
[White "Fabian, Istvan"]
[Black "Lauko, Denes"]
[Result "1/2-1/2"]
[WhiteElo "1730"]
[BlackElo "1464"]
[PlyCount "79"]
[EventDate "2019.09.29"]
[WhiteTeam "Meritum II."]
[BlackTeam "Meritum III."]

1. Nf3 d5 2. g3 Nc6 3. Bg2 e5 4. d3 h6 5. O-O Nf6 6. a3 Bc5 7. b4 Bd6 8. b5 Ne7
9. Bb2 Ng6 10. c4 d4 11. Nbd2 b6 12. Nxe5 Bxe5 13. Bxa8 Bh3 14. Bg2 Bxg2 15.
Kxg2 Qa8+ 16. Kg1 O-O 17. f4 Ng4 18. Rf3 Ne3 19. Rxe3 dxe3 20. Bxe5 exd2 21.
Qxd2 Nxe5 22. fxe5 Re8 23. Qf4 Qd8 24. e3 Qxd3 25. Qd4 Qf5 26. Rd1 Qxe5 27.
Qxe5 Rxe5 28. Rd8+ Kh7 29. Kf2 Rc5 30. Rd4 Kg6 31. Ke2 Kf5 32. Kd3 Ke5 33. Rd8
Ke6 34. Ra8 Rh5 35. Rxa7 Kd6 36. Ra8 Rxh2 37. Rd8+ Ke6 38. Rc8 Kd6 39. Rd8+ Ke6
40. Rc8 1/2-1/2

[Event "HUN Team League Csongrad Region 2019–2"]
[Site "Csongrád County"]
[Date "2019.09.29"]
[Round "1.5"]
[White "Varga, Szilvia"]
[Black "Havasi, Gergely Bulcsu"]
[Result "1/2-1/2"]
[WhiteElo "1418"]
[BlackElo "1460"]
[PlyCount "99"]
[EventDate "2019.09.29"]
[WhiteTeam "Meritum III."]
[BlackTeam "Meritum II."]

1. e4 d6 2. d4 Nf6 3. Nc3 g6 4. Nf3 Bg7 5. h3 O-O 6. Bc4 a6 7. O-O b5 8. Bb3
Nbd7 9. Re1 b4 10. Nd5 Nxd5 11. Bxd5 Rb8 12. a3 c5 13. axb4 cxd4 14. Nxd4 Qb6
15. Be3 Bxd4 16. Qxd4 Qxd4 17. Bxd4 Rxb4 18. Bc3 Rb8 19. b3 Bb7 20. Bxb7 Rxb7
21. Rxa6 Rc7 22. Bd4 Rxc2 23. Ra7 Rd8 24. Rb7 e5 25. Be3 Nc5 26. Rc7 Rb8 27.
Rb1 Rc3 28. Bxc5 Rxc5 29. Rxc5 dxc5 30. Kf1 Kf8 31. Ke2 Ke7 32. Kd3 Rb4 33. f3
Kd6 34. Kc3 f5 35. exf5 gxf5 36. Ra1 e4 37. f4 e3 38. Re1 Rxf4 39. Rxe3 Re4 40.
Rg3 Ke5 41. Rg7 h5 42. Rh7 h4 43. Rg7 Kd5 44. Rg5 Re3+ 45. Kd2 Rxb3 46. Rxf5+
Ke4 47. Rxc5 Rb2+ 48. Kc3 Rxg2 49. Rc4+ Kf3 50. Rxh4 1/2-1/2

[Event "HUN Team League Csongrad Region 2019–2"]
[Site "Csongrád County"]
[Date "2019.09.29"]
[Round "1.5"]
[White "Kohari, Akos Istvan"]
[Black "Tamas, Attila"]
[Result "0-1"]
[WhiteElo "1353"]
[BlackElo "1308"]
[PlyCount "68"]
[EventDate "2019.09.29"]
[WhiteTeam "Meritum II."]
[BlackTeam "Meritum III."]

1. d4 d5 2. Bf4 e6 3. Nf3 Bd6 4. Bg3 Nc6 5. e3 Bxg3 6. hxg3 f6 7. c3 e5 8. dxe5
fxe5 9. Bb5 Qd6 10. Rh5 Nge7 11. Nxe5 g6 12. Rg5 h6 13. Nxg6 hxg5 14. Nxh8 Qh6
15. Bxc6+ bxc6 16. Qd4 Qh1+ 17. Kd2 Qh6 18. Na3 Be6 19. Qe5 Kd7 20. c4 Rxh8 21.
cxd5 Bxd5 22. Qd4 a6 23. Nc4 Rf8 24. Ne5+ Kd8 25. e4 Qd6 26. exd5 Qxd5 27.
Qxd5+ cxd5 28. Ng4 Kd7 29. a4 c5 30. Rh1 Rb8 31. Kc2 Rb4 32. Rh5 Rxg4 33. b3 c4
34. b4 d4 0-1